[Event "AUTO-OPEN-4445"]
[Site "http://www.queenalice.com/game.php?id=1839266"]
[Date "2024.6.26"]
[Round "3"]
[White "chessman"]
[Black "Kotov78"]
[Result "0-1"]
[WhiteElo "2001"]
[BlackElo "2424"]

1. e4 c5 2. Nf3 d6 3. Bb5+ Nd7 4. O-O a6 5. Be2 Ngf6 6. d3 e6 7. Re1 Be7 8. a3
b5 9. h3 Bb7 10. Nbd2 O-O 11. Nf1 Qc7 12. Be3 d5 13. Rc1 dxe4 14. dxe4 c4 15. c3
Rfd8 16. Ng3 Bd6 17. Qc2 Bxg3 18. fxg3 Bxe4 19. Qd1 Nc5 20. Nd2 Qxg3 21. Bf3
Bxf3 0-1

[Event "AUTO-OPEN-4445"]
[Site "http://www.queenalice.com/game.php?id=1839267"]
[Date "2024.6.26"]
[Round "3"]
[White "Kotov78"]
[Black "grotegeest"]
[Result "1-0"]
[WhiteElo "2465"]
[BlackElo "2620"]

1. e4 c5 2. Nf3 d6 3. d4 cxd4 4. Nxd4 Nf6 5. Nc3 g6 6. Be3 Bg7 7. f3 O-O 8. Qd2
Nc6 9. Bc4 Bd7 10. O-O-O Rb8 11. Bb3 Na5 12. h4 b5 13. h5 Nc4 14. Bxc4 bxc4 15.
Nde2 Rb7 16. Bd4 Bc6 17. g4 Qa5 18. h6 Bh8 19. g5 Rfb8 20. gxf6 Rxb2 21. Qe3 e5
22. Bxa7 Ba4 23. Rd2 R8b7 24. Qf2 Bxf6 25. Be3 Be7 26. Kd1 1-0

[Event "AUTO-OPEN-4445"]
[Site "http://www.queenalice.com/game.php?id=1839268"]
[Date "2024.6.26"]
[Round "3"]
[White "grotegeest"]
[Black "Kotov78"]
[Result "0-1"]
[WhiteElo "2632"]
[BlackElo "2453"]

1. e4 c5 2. Nf3 d6 3. d4 cxd4 4. Nxd4 Nf6 5. Nc3 a6 6. Bg5 e6 7. f4 Qb6 8. Qd2
Qxb2 9. Rb1 Qa3 10. e5 h6 11. Bh4 dxe5 12. fxe5 g5 13. exf6 gxh4 14. Be2 Qa5 15.
O-O Nd7 16. Rbd1 h3 17. Bg4 Ne5 18. Bxh3 Bb4 19. Nb3 Qc7 20. Nb5 Qb6+ 21. Qd4
Qxd4+ 22. Rxd4 axb5 23. Rxb4 Bd7 24. Nc5 Rxa2 0-1

[Event "AUTO-ELITE-2508"]
[Site "http://www.queenalice.com/game.php?id=1840104"]
[Date "2024.7.10"]
[Round "2"]
[White "trompmaster"]
[Black "Kotov78"]
[Result "0-1"]
[WhiteElo "2511"]
[BlackElo "2499"]

1. d4 Nf6 2. Nf3 d5 3. e3 c5 4. b3 cxd4 5. exd4 Nc6 6. c3 Bg4 7. Bd3 e6 8. O-O
Bd6 9. Nbd2 O-O 10. h3 Bh5 11. g4 Bg6 12. Bxg6 hxg6 13. c4 a5 14. Bb2 a4 15. Qe2
Bf4 16. Bc3 b6 17. Rfe1 Qc7 18. Bb2 Rfc8 19. Bc3 Qb7 20. Rab1 a3 21. cxd5 Nxd5
22. Rbc1 Rc7 23. Nc4 Bxc1 24. Rxc1 Rd8 25. Bd2 b5 26. Nxa3 Nxd4 27. Nxd4 Rxc1+
28. Bxc1 Nc3 29. Qf3 Qxf3 30. Nxf3 Rd1+ 31. Kg2 Rxc1 32. b4 f6 33. Nd4 e5 34.
Ndxb5 Nxa2 35. h4 Nxb4 36. Kf3 Kf8 37. h5 gxh5 38. gxh5 Ke7 39. Ke3 Nd5+ 40. Kd2
Rc5 41. Na7 Nf4 42. N7b5 Nxh5 43. Nc3 Nf4 44. Nc2 Ke6 45. Ne1 Rc8 46. Na4 Rd8+
47. Ke3 Rd1 48. Nc5+ Kd5 49. Ned3 Nxd3 50. Nxd3 Rxd3+ 51. Kxd3 e4+ 52. Ke3 g5
53. f3 f5 54. fxe4+ fxe4 55. Kf2 Kd4 56. Kg2 e3 0-1

[Event "AUTO-ELITE-2508"]
[Site "http://www.queenalice.com/game.php?id=1840105"]
[Date "2024.7.10"]
[Round "2"]
[White "Kotov78"]
[Black "trompmaster"]
[Result "1-0"]
[WhiteElo "2440"]
[BlackElo "2448"]

1. e4 d6 2. d4 Nf6 3. Nc3 Nbd7 4. Nf3 e5 5. Bc4 h6 6. O-O Be7 7. Re1 c6 8. a4
Qc7 9. h3 g5 10. a5 g4 11. hxg4 Nxg4 12. b4 Rg8 13. Bb3 Rg7 14. b5 Kf8 15. g3 h5
16. Kg2 exd4 17. Nxd4 Nde5 18. a6 h4 19. f3 Nxf3 20. Nxf3 d5 21. e5 Nxe5 22. Bf4
Qb6 23. Rxe5 hxg3 24. Be3 Bc5 25. axb7 Bxb7 26. Na4 Bxe3 27. Nxb6 Bxb6 28. Qh1
Kg8 29. Rae1 Bc5 30. Qh6 cxb5 31. Rh5 f6 32. Rxd5 1-0

[Event "AUTO-ELITE-2508"]
[Site "http://www.queenalice.com/game.php?id=1840106"]
[Date "2024.7.10"]
[Round "2"]
[White "Sexxy_Bunny"]
[Black "Kotov78"]
[Result "1/2-1/2"]
[WhiteElo "2637"]
[BlackElo "2449"]

1. e4 c5 2. Nf3 d6 3. d4 cxd4 4. Nxd4 Nf6 5. Nc3 a6 6. Be3 e5 7. Nb3 Be6 8. f3
h5 9. Qd2 Nbd7 10. Nd5 Bxd5 11. exd5 g6 12. Be2 Bg7 13. O-O b6 14. c4 O-O 15.
Rae1 Re8 16. Bf2 Rc8 17. Kh1 a5 18. a4 Nh7 19. Bd3 Bf6 20. Qc2 Bg5 21. Nc1 Nc5
22. Ne2 f5 23. g3 Nf6 24. Nc3 Rc7 25. Qd1 Rf7 26. Bc2 e4 27. Bxc5 bxc5 28. fxe4
Ng4 29. exf5 Ne3 30. Qe2 Rff8 31. Rg1 Re5 32. Bb1 Nxf5 33. Qd3 Be3 34. Rgf1 Bd4
35. Rxe5 Bxe5 36. Qd1 Ne3 37. Rxf8+ Qxf8 38. Qe2 Bxc3 39. bxc3 Kg7 40. Qxe3 Qf1+
41. Qg1 Qf3+ 42. Qg2 Qd1+ 43. Qg1 Qf3+ 44. Qg2 Qd1+ 45. Qg1 Qf3+ 1/2-1/2

[Event "AUTO-ELITE-2508"]
[Site "http://www.queenalice.com/game.php?id=1840107"]
[Date "2024.7.10"]
[Round "2"]
[White "Kotov78"]
[Black "Sexxy_Bunny"]
[Result "1-0"]
[WhiteElo "2532"]
[BlackElo "2694"]

1. e4 c5 2. Nf3 d6 3. d4 cxd4 4. Nxd4 Nf6 5. Nc3 a6 6. h3 e5 7. Nb3 Be6 8. Be3
Be7 9. f4 exf4 10. Bxf4 O-O 11. Qf3 Nbd7 12. O-O-O Rc8 13. g4 h6 14. Kb1 Re8 15.
Be2 b5 16. Rhf1 Qc7 17. Nd4 Ne5 18. Qg2 g5 19. Be3 Qb7 20. Bd3 b4 21. Nce2 a5
22. h4 Nfxg4 23. Bc1 gxh4 24. Bxh6 Kh8 25. Bc1 Rg8 26. Nf4 Nxd3 27. Nxd3 a4 28.
Nxe6 fxe6 29. Rf4 Nh6 30. Qh3 b3 31. cxb3 Rg6 32. Rxh4 Bxh4 33. Qxh4 Kg7 34. Nf4
Qxe4+ 35. Ka1 Qc2 36. Qe1 Rg4 37. Nxe6+ Kf7 38. Bxh6 a3 39. bxa3 Qg6 40. Qe3
Qf6+ 41. Nd4 Rh8 42. Qd3 Rxh6 43. Rf1 Rf4 44. Qc4+ Ke8 45. Re1+ Kf8 46. Qc8+ Kg7
47. Qd7+ Kg6 48. Re6 Rxd4 49. Qe8+ Kg5 50. Rxf6 Rd1+ 51. Kb2 Rh2+ 52. Kc3 Kxf6
53. Qe3 Rf1 54. Qd3 Rc1+ 55. Kb4 Rh4+ 56. Ka5 Rc5+ 57. Ka6 Re5 58. Qg3 Rh8 59.
b4 Rhe8 60. Qf3+ Rf5 61. Qd3 Ke6 62. b5 Ra8+ 63. Kb7 Rd8 64. Qe4+ 1-0

[Event "AUTO-OPEN-4455"]
[Site "http://www.queenalice.com/game.php?id=1843037"]
[Date "2024.9.4"]
[Round "2"]
[White "grotegeest"]
[Black "Kotov78"]
[Result "0-1"]
[WhiteElo "2609"]
[BlackElo "2476"]

1. e4 c5 2. Nc3 d6 3. Nge2 Nf6 4. d4 cxd4 5. Nxd4 a6 6. Bc4 e6 7. Bb3 Nbd7 8.
Bg5 Nc5 9. f4 Be7 10. Qf3 O-O 11. O-O-O Qc7 12. Rhe1 b5 13. Bd5 Nxd5 14. exd5
Bxg5 15. fxg5 Bb7 16. a3 e5 17. Nf5 Bc8 18. Ng3 f5 19. gxf6 Rxf6 0-1

[Event "AUTO-OPEN-4455"]
[Site "http://www.queenalice.com/game.php?id=1843038"]
[Date "2024.9.4"]
[Round "2"]
[White "Kotov78"]
[Black "grotegeest"]
[Result "1-0"]
[WhiteElo "2487"]
[BlackElo "2587"]

1. e4 c5 2. Nf3 d6 3. d4 cxd4 4. Nxd4 Nf6 5. Nc3 g6 6. Be3 Bg7 7. f3 O-O 8. Qd2
Nc6 9. Bc4 Bd7 10. O-O-O Qa5 11. Bb3 Rfc8 12. h4 Ne5 13. g4 Nc4 14. Bxc4 Rxc4
15. h5 Rac8 16. Nb3 Qa6 17. hxg6 fxg6 18. Bh6 Bh8 19. e5 Nxg4 20. fxg4 Bxe5 21.
Rdf1 Bxg4 22. Kb1 Rxc3 23. bxc3 Qc4 24. Nd4 1-0

[Event "AUTO-OPEN-4455"]
[Site "http://www.queenalice.com/game.php?id=1843047"]
[Date "2024.9.4"]
[Round "2"]
[White "Kotov78"]
[Black "diedoofen"]
[Result "1/2-1/2"]
[WhiteElo "2517"]
[BlackElo "2586"]

1. e4 e5 2. Nf3 Nc6 3. Bb5 Nf6 4. d3 Bc5 5. c3 d6 6. O-O Bd7 7. Re1 O-O 8. h3 a6
9. Ba4 Re8 10. Nbd2 b5 11. Bc2 Bb6 12. Nf1 Ne7 13. a4 Ng6 14. d4 c5 15. dxe5
dxe5 16. Bg5 Be6 17. Ne3 Rb8 18. Qxd8 Bxd8 19. h4 c4 20. g3 Ng4 21. Nxg4 Bxg4
22. Kg2 Bxg5 23. hxg5 Bxf3+ 24. Kxf3 Nf8 25. axb5 axb5 26. Ke3 Ne6 27. f4 Ra8
28. Reb1 Red8 29. Rd1 Rxa1 30. Rxa1 f6 31. gxf6 gxf6 32. Ra6 exf4+ 33. gxf4 Nxf4
34. Kxf4 Rd2 35. Bb1 Rxb2 36. Ra1 Kf7 37. e5 fxe5+ 38. Kxe5 b4 39. cxb4 Rxb4 40.
Ra7+ Ke8 41. Bf5 c3 42. Ra8+ Ke7 43. Ra7+ Ke8 44. Rc7 c2 45. Rxc2 1/2-1/2

[Event "AUTO-OPEN-4455"]
[Site "http://www.queenalice.com/game.php?id=1843048"]
[Date "2024.9.4"]
[Round "2"]
[White "diedoofen"]
[Black "Kotov78"]
[Result "0-1"]
[WhiteElo "2596"]
[BlackElo "2507"]

1. Nf3 d5 2. d4 Nf6 3. Bf4 c5 4. e3 Nc6 5. Nbd2 Qb6 6. dxc5 Qxb2 7. Rb1 Qc3 8.
Bb5 e6 9. O-O Be7 10. e4 O-O 11. e5 Nd7 12. Nb3 Qb4 13. Nfd4 Nxd4 14. Nxd4 Qxc5
15. Re1 a6 16. Bd3 g6 17. Nb3 Qa3 18. Bh6 Re8 19. Qd2 b5 20. Nd4 Bb7 21. Qf4 Bf8
22. Bxf8 Qxf8 23. Qe3 Nc5 24. f4 Qe7 25. Re2 Ne4 26. Rf1 Rf8 27. g3 Rad8 28. Rg2
f6 29. exf6 Qxf6 30. Rb1 Qe7 31. Re1 e5 32. fxe5 Qxe5 33. Rf2 Rxf2 34. Qxf2 Re8
35. Qe3 Bc8 36. Kg2 Bd7 37. Bxe4 dxe4 38. c3 Qc5 39. Re2 Bc8 40. Nb3 Qxe3 41.
Rxe3 Kg7 0-1

[Event "AUTO-OPEN-4455"]
[Site "http://www.queenalice.com/game.php?id=1843049"]
[Date "2024.9.4"]
[Round "2"]
[White "Kotov78"]
[Black "cerenzo72"]
[Result "1-0"]
[WhiteElo "2434"]
[BlackElo "2139"]

1. e4 e5 2. Nf3 d6 3. d4 exd4 4. Nxd4 Nf6 5. Nc3 Be7 6. Bf4 O-O 7. Qd2 Nh5 8.
Be3 c5 9. Nb3 Nc6 10. O-O-O a5 11. Qe2 Nf6 12. Nxc5 Ng4 13. N5a4 Nxe3 14. Qxe3
Bd7 15. f4 f5 16. Nb6 Rb8 17. e5 Nxe5 18. Ncd5 Nc6 19. Nxe7+ Nxe7 20. Rxd6 1-0

[Event "AUTO-OPEN-4455"]
[Site "http://www.queenalice.com/game.php?id=1843050"]
[Date "2024.9.4"]
[Round "2"]
[White "cerenzo72"]
[Black "Kotov78"]
[Result "0-1"]
[WhiteElo "2058"]
[BlackElo "2497"]

1. e4 c5 2. Nf3 d6 3. d4 cxd4 4. Nxd4 Nf6 5. Nc3 a6 6. Be2 e5 7. Nb3 Be7 8. O-O
O-O 9. Be3 Be6 10. Qd2 Nbd7 11. f4 Rc8 12. f5 Bc4 13. Bxc4 Rxc4 14. Na5 Qxa5 15.
a3 Qc7 16. h3 Nxe4 17. Nxe4 Rxe4 18. Qd3 Rxe3 19. Qxe3 d5 20. Qe2 Bg5 21. c3 Nf6
22. Rad1 Re8 23. g3 h5 24. h4 Bh6 25. Qg2 d4 26. cxd4 exd4 27. Kh2 Ng4+ 28. Kh3
Qd7 29. Rf3 Ne3 30. Qg1 d3 31. Rd2 Qc6 32. Qf2 Ng4 33. Qg2 Bxd2 34. Qxd2 Re2 0-1

[Event "AUTO-OPEN-4520"]
[Site "http://www.queenalice.com/game.php?id=1845643"]
[Date "2024.10.17"]
[Round "2"]
[White "Kapablanca"]
[Black "Kotov78"]
[Result "0-1"]
[WhiteElo "2069"]
[BlackElo "2448"]

1. d4 Nf6 2. c4 e6 3. Nc3 Bb4 4. e3 O-O 5. Bd3 d5 6. Ne2 dxc4 7. Bxc4 Be7 8. O-O
c5 9. a3 a6 10. h3 b5 11. Ba2 Bb7 12. dxc5 Bxc5 13. Qxd8 Rxd8 14. Rd1 Rxd1+ 15.
Nxd1 Nc6 16. b4 Bd6 17. Bb2 Kf8 18. Bxf6 gxf6 19. f3 a5 0-1

[Event "AUTO-MASTER-3187"]
[Site "http://www.queenalice.com/game.php?id=1847730"]
[Date "2024.11.25"]
[Round "2"]
[White "BeatifulDevil56"]
[Black "Kotov78"]
[Result "0-1"]
[WhiteElo "2240"]
[BlackElo "2436"]

1. c4 e5 2. g3 Nf6 3. Nc3 Bb4 4. d3 O-O 5. Bd2 Re8 6. a3 Bxc3 7. Bxc3 d5 8. cxd5
Nxd5 9. Nf3 Nxc3 10. bxc3 Qf6 11. Qc2 Bf5 12. e4 Bxe4 0-1

[Event "AUTO-MASTER-3187"]
[Site "http://www.queenalice.com/game.php?id=1847731"]
[Date "2024.11.25"]
[Round "2"]
[White "Kotov78"]
[Black "BeatifulDevil56"]
[Result "1-0"]
[WhiteElo "2498"]
[BlackElo "2141"]

1. e4 e6 2. d4 d5 3. Nc3 Nf6 4. e5 Nfd7 5. f4 c5 6. Nf3 Nc6 7. Be3 Qb6 8. Na4
Qa5+ 9. c3 cxd4 10. b4 Nxb4 11. cxb4 Bxb4+ 12. Bd2 Bxd2+ 13. Nxd2 O-O 14. Bd3 g6
15. O-O b6 16. Nb2 Qc3 17. Rb1 Nc5 18. Rf3 Nxd3 19. Nxd3 Bd7 20. Nb3 Qc4 21. Qd2
Rac8 22. Ne1 Ba4 23. Nxd4 Qc5 24. h4 h5 25. f5 exf5 26. Rg3 Rfe8 27. Nf3 a5 28.
Kh2 Bc2 29. Rc1 1-0